Statistics for Countries With The Most Cities > 5 Million

Click here to take the quiz!

General Stats

  • This quiz has been taken 53 times
  • The average score is 15 of 16

Answers on the Map

Answers color-coded by a green-red scale on the quiz's map according to % correct below.
 

Answer Stats

HintAnswer% Correct
3Brazil
100%
19China
100%
10India
100%
3Mexico
100%
3Pakistan
100%
2Russia
100%
2Egypt
98%
3Indonesia
98%
3Japan
98%
10United States
98%
2Bangladesh
96%
2Turkey
94%
2South Korea
92%
2Vietnam
90%
2Australia
78%
2Spain
63%

Score Distribution

Percentile by Number Answered

Percent of People with Each Score

Your Score History

You have not taken this quiz